000 00891nam a2200313 a 4500
003 AR-BaBNM
005 20251128203029.0
008 082120s2002 ||||||||||||||000 | spa||
040 _cAR-BaBNM
100 1 _aMaroni, José Juan
245 0 0 _aEl barrio de Constitución
250 _a2ª ed.
260 _aBuenos Aires
_bMunicipalidad de la Ciudad de Buenos Aires
_c1969
300 _a67 p.
_bil.
490 0 _aCuadernos de Buenos Aires
_vv. 6
500 _aContiene referencias bibliográficas en p. 65
650 4 _aHISTORIA ARGENTINA
650 4 _aSIGLO DIECINUEVE
650 4 _aHISTORIA DE BUENOS AIRES
650 4 _aHISTORIA DE LA ARQUITECTURA
650 4 _aMONUMENTOS HISTORICOS
650 4 _aEDIFICIOS
650 4 _aARQUITECTURA
650 4 _aPARQUES PUBLICOS
650 4 _aBARRIOS
651 4 _aBuenos Aires [Capital Federal]
942 _cBK
998 _cMARTIN
999 _c1589
_d1589